000 00417nam a22001577a 4500
005 20251108165306.0
008 250721s9999 xx 000 0 ara d
082 1 4 _a631.7/فتح
100 1 _aمسعود، فتحي إبراهيم
245 1 0 _aأساسيات الري الزراعي /
264 1 _aالإسكندرية :
_c[19-].
300 _a390ص
650 1 7 _aالري
942 _2ddc
_cBK
999 _c24306
_d24306